| 000 | 01097na a2200349 4500 | ||
|---|---|---|---|
| 001 | 19045 | ||
| 003 | MIRAKIL | ||
| 005 | 20181213155311.0 | ||
| 008 | 161207b tu 000 0 | ||
| 020 | _a9789753435260 | ||
| 035 | _a19045 | ||
| 040 |
_aMilas _btur _cTR-AnCHP |
||
| 041 | _atur | ||
| 082 |
_aCHP 324.2372 _bP36t 2008 |
||
| 090 | _aCHP 324.2372 P36t 2008 | ||
| 100 | _aPerinçek, Doğu | ||
| 245 |
_aAtatürk'ün CHP program ve tüzükleri _cDoğu Perinçek |
||
| 246 | _aCHP program ve tüzükleri | ||
| 260 |
_aİstanbul _bKaynak yYayınları _c2008 |
||
| 300 |
_a224 s. _c20 sm |
||
| 440 |
_aKaynak yayınları _v514 |
||
| 490 |
_aKemalist devrim _v6 |
||
| 490 |
_aDoğu Perinçek'in eserleri _v35 |
||
| 500 | _aKitabın sonunda CHP 1939 Kurultayı için Atatürk'ün el yazısı metin fotokopileri var | ||
| 504 | _aDizin var. | ||
| 600 |
_aAtatürk, Mustafa Kemal _d1881-1938 |
||
| 610 |
_aCHP _xProgramlar _yTarih |
||
| 610 |
_aCHP _xTüzükler _yTarih |
||
| 650 | _aAtatürkçülük | ||
| 651 |
_aTürkiye _xSiyaset ve yönetim _y1919-1960 |
||
| 942 |
_2dcc _cBKS |
||
| 999 |
_c10204 _d10204 |
||